000 00984nam a22001577a 4500
999 _c528266
_d528266
008 241125b ||||| |||| 00| 0 eng d
100 _aYadav, Sushma
_959621
245 _aPublic governance and reforms: Reinventing the bureaucracy
260 _aBihar Journal of Public Administration
300 _a14(2), Jul-Dec, 2017: p.1-12
520 _aEmerging significantly from the traditional sates inability to dope with a range of contemporary social as well as global problems, the concept of governance has evolved to identify and explain new modes of problems solving and decision making. This shift from government to governance represents one for the most important theoretical developments in public administration, political science and sociology. – Reproduced
650 _aGovernance, Good governance, Bureaucracy, Administrative reforms, Corruption.
_949060
773 _aBihar Journal of Public Administration
906 _aPUBLIC ADMINISTRATION
942 _cAR